Early indicators of pathological dissociation in sexually abused children (Record no. 66335)

MARC details
000 -CABECERA
campo de control de longitud fija 00627nam a2200205 a 4500
005 - FECHA Y HORA DE LA ÚLTIMA TRANSACCIÓN
campo de control 20210219153022.0
008 - ELEMENTOS DE LONGITUD FIJA--INFORMACIÓN GENERAL
campo de control de longitud fija 991125n 000 0 eng u
035 ## - NÚMERO DE CONTROL DEL SISTEMA
Número de control de sistema UPN01000073319
100 ## - ASIENTO PRINCIPAL--NOMBRE PERSONAL
Nombre de persona McElroy, Linda Provus
222 ## - TÍTULO CLAVE
Título clave CHILD ABUSE AND NEGLECT :
Información calificativa THE INTERNATIONAL JOURNAL
245 ## - MENCIÓN DE TÍTULO
Título Early indicators of pathological dissociation in sexually abused children
300 ## - DESCRIPCIÓN FÍSICA
Extensión 833-846
362 ## - FECHAS DE PUBLICACIÓN Y/O DESIGNACIÓN SECUENCIAL
Fecha de publicación y/o designación secuencial 1992 16, no. 6
653 0# - TERMINO DE INDIZACION - NO CONTROLADO
Término no controlado ABUSO SEXUAL
653 0# - TERMINO DE INDIZACION - NO CONTROLADO
Término no controlado DESORDENES MENTALES
653 0# - TERMINO DE INDIZACION - NO CONTROLADO
Término no controlado SINTOMAS (DESORDENES INDIVIDUALES)
653 0# - TERMINO DE INDIZACION - NO CONTROLADO
Término no controlado TRASTORNOS EMOCIONALES
904 ## - ELEMENTOS DE DATOS D LOCAL, LDD (RLIN)
a AC
b 011130
905 ## - TIPO DE MATERIAL
Tipo de material Articulo

No items available.